|
|
|
|
| LEADER |
00000nam0a2200000 4500 |
| 001 |
182451 |
| 005 |
20231031171314.0 |
| 035 |
|
|
|a (RuTPU)RU\TPU\book\197786
|
| 090 |
|
|
|a 182451
|
| 100 |
|
|
|a 20100621d1964 m y0rusy50 ca
|
| 101 |
0 |
|
|a rus
|
| 102 |
|
|
|a RU
|
| 105 |
|
|
|a a j 001zy
|
| 200 |
1 |
|
|a Отражение технологии призводства в рабочих чертежах
|e учебное пособие для студенов всех специальностей
|f В. П. Чухлин
|g Горьковский институт инженеров водного транспорта (ГИИВТ)
|
| 210 |
|
|
|a Москва
|c Транспорт
|d 1964
|
| 215 |
|
|
|a 86 с.
|c ил.
|
| 320 |
|
|
|a Библиогр.: с. 86.
|
| 610 |
1 |
|
|a машиностроительное черчение
|
| 610 |
1 |
|
|a машиностроительные чертежи
|
| 610 |
1 |
|
|a производственные процессы
|
| 610 |
1 |
|
|a производственные расчеты
|
| 610 |
1 |
|
|a технология
|
| 610 |
1 |
|
|a рабочие чертежи
|
| 610 |
1 |
|
|a учебные пособия
|
| 675 |
|
|
|a 744:621(075.8)
|v 3
|
| 700 |
|
1 |
|a Чухлин
|b В. П.
|g Виктор Петрович
|
| 712 |
0 |
2 |
|a Горьковский институт инженеров водного транспорта (ГИИВТ)
|2 stltpush
|3 (RuTPU)RU\TPU\col\14574
|
| 801 |
|
1 |
|a RU
|b 63413507
|c 20100621
|
| 801 |
|
2 |
|a RU
|b 63413507
|c 20130827
|g RCR
|
| 942 |
|
|
|c BK
|